Drapeaux bleu, blanc et rouge - Mort subite - Statistiques

Statistiques générales
  • Ce quiz a été pris 144 417 fois
  • Le résultat moyen est 7 sur 17
Answers on the Grid
Answers color-coded by a green-red scale on the quiz's grid according to % correct below.
Afrique du Sud
Australie
Brésil
Corée du Nord
Corée du Sud
Costa Rica
Cuba
Espagne
Etats-Unis
France
Guatemala
Haïti
Inde
Irlande
Islande
Italie
Liberia
Monténégro
Népal
Nicaragua
Norvège
Panama
Papouasie-Nouvelle-Guinée
Philippines
Royaume-Uni
Russie
Samoa
Slovaquie
Suède
Taïwan
Thaïlande
Zimbabwe
 
Statistiques - réponses
Réponse % Correct
Australie
73%
France
70%
Etats-Unis
63%
Corée du Nord
57%
Costa Rica
53%
Cuba
52%
Royaume-Uni
51%
Russie
49%
Islande
37%
Norvège
34%
Thaïlande
34%
Panama
32%
Slovaquie
32%
Liberia
24%
Népal
21%
Taïwan
17%
Samoa
11%
Aucun quiz correspondant
Distribution des résultats
% des personnes avec chaque résultat
Percentile par nombre de réponses
Votre historique - résultats
Vous n’avez pas pris ce quiz